La réponse est de plus en plus longue - Jeux vidéo - Statistiques

Statistiques générales
  • Ce quiz a été pris 1 776 fois
  • Le résultat moyen est 16 sur 20
Statistiques - réponses
Indice Lettres Réponse % Correct
Petit frère de Mario, à l'uniforme vert 5 Luigi
98%
Console succédant à la Wii : la Wii __ 1 U
98%
Console portable et pliable de Nintendo 2 DS
97%
Si vous incarnez Trevor et que vous devez échapper à la police de San Andreas, vous jouez à... 3 GTA
94%
Rond jaune doté d’une bouche qui évite des fantômes 6 Pac-Man
93%
Console de Sony, souvent désignée par le sigle "PS" 11 PlayStation
93%
Jeu mobile où il faut aligner au moins 3 bonbons pour les faire disparaître 14 Candy Crush Saga
92%
Gorille portant une cravate rouge 10 Donkey Kong
90%
Héroïne de la franchise "Tomb Raider" 9 Lara Croft
90%
Jeu où Link doit libérer une certaine princesse 16 The Legend of Zelda
90%
Jeu au concept similaire au Loup garou, où un "imposteur" ou un "crewmate" peuvent paraître "sus" 7 Among Us
83%
Société japonaise ayant entre autre développé Sonic 4 Sega
81%
Jeu mobile où vous devez bâtir un village pour vous défendre des barbares, des archers ou encore des gobelins 12 Clash of Clans
79%
On y joue un hors-la-loi à l'époque de la conquête de l'Ouest, dans une ambiance de western 17 Red Dead Redemption
75%
Jeu de combat où on peut choisir Ken, Chun-Li ou encore Zangief 13 Street Fighter
69%
Ancien slogan de EA Sports, prononcé d'une voix grave et tonitruante quand on lance le jeu 20 "{EA Sports; It's in the game}"
54%
Terme anglais désigné par le sigle FPS ; c'est-à-dire un jeu où le corps de l’avatar n’apparaît pas à l’écran 18 First Person Shooter
53%
Jeu développé par Ubisoft en 2014 qui se déroule pendant la Révolution française (nom exact de l'opus) 19 Assassin's Creed Unity
44%
Monnaie fictive utilisée dans le monde des Sims 8 Simflouz (§)
43%
Créateur de Mario 15 Shigeru Miyamoto
37%
Aucun quiz correspondant
Distribution des résultats
% des personnes avec chaque résultat
Percentile par nombre de réponses
Votre historique - résultats
Vous n’avez pas pris ce quiz